L'amore che è in voi-Lp Hit 30.241 (Record n. 102473)
[ formato base ]
| 000 -LEADER | |
|---|---|
| fixed length control field | 02110njm a2200373Ia 4500 |
| 001 - CONTROL NUMBER | |
| control field | 20354 |
| 003 - CONTROL NUMBER IDENTIFIER | |
| control field | IT-RoPAU |
| 005 - DATE AND TIME OF LATEST TRANSACTION | |
| control field | 20220918181155.0 |
| 008 - FIXED-LENGTH DATA ELEMENTS--GENERAL INFORMATION | |
| fixed length control field | 131025s9999 xx 000 0 und d |
| 040 ## - CATALOGING SOURCE | |
| Original cataloging agency | IT-RoPAU |
| 040 ## - CATALOGING SOURCE | |
| Transcribing agency | IT-RoPAU |
| 041 ## - LANGUAGE CODE | |
| Language code of text/sound track or separate title | ITALIANO |
| 999 ## - SYSTEM CONTROL NUMBERS (KOHA) | |
| Koha Dewey Subclass [OBSOLETE] | n.d. |
| 100 ## - MAIN ENTRY--PERSONAL NAME | |
| Personal name | Bonfitto Michele |
| 9 (RLIN) | 1419 |
| 100 ## - MAIN ENTRY--PERSONAL NAME | |
| Relator term | Autore musica |
| 9 (RLIN) | 1420 |
| 100 ## - MAIN ENTRY--PERSONAL NAME | |
| Miscellaneous information | Codice autore musica SPICS: 10767 |
| 9 (RLIN) | 1421 |
| 245 ## - TITLE STATEMENT | |
| Title | L'amore che è in voi-Lp Hit 30.241 |
| 250 ## - EDITION STATEMENT | |
| Edition statement | 1a ed. |
| 260 ## - PUBLICATION, DISTRIBUTION, ETC. (IMPRINT) | |
| Place of publication, distribution, etc. | ITALIA |
| 260 ## - PUBLICATION, DISTRIBUTION, ETC. (IMPRINT) | |
| Name of publisher, distributor, etc. | HIT RECORDS |
| 300 ## - PHYSICAL DESCRIPTION | |
| Extent | DISCO |
| 300 ## - PHYSICAL DESCRIPTION | |
| Dimensions | 31 minuti (Testo: pag.) |
| 500 ## - GENERAL NOTE | |
| General note | Amore cristiano. Canto e liturgia. Messaggio cristiano. Canti religiosi per giovani. Canti per assemblee liturgiche. Canti per celebrazioni eucaristiche. Canti per solo coro e assemblea con l'accompagnamento di organo o complesso ritmico. Musica religiosa. E’ disponibile anche lo spartito con la musica e i testi di tutte le canzoni. Codice Spics dello spartito 21323. |
| 505 ## - FORMATTED CONTENTS NOTE | |
| Formatted contents note | E' festa d'amore (1:57) - Abramo amico mio (2:45) - Signore tu mi scruti (2:30) - Benedite con me (2:23) - Due cuori (1:46) - Pane di vita (1:46) - L'amore che è in voi (3:27) - Santo (2:58) - Mistero della fede (1:12) - Padre nostro (1:28) - Rendete grazie (2:10) - O Sommo Amore (2:47) - Il Signore è re (2:36) |
| 511 ## - PARTICIPANT OR PERFORMER NOTE | |
| Participant or performer note | Coro: Nuovo Messaggio |
| 511 ## - PARTICIPANT OR PERFORMER NOTE | |
| Participant or performer note | Cantante: Sabina Carla |
| 650 ## - SUBJECT ADDED ENTRY--TOPICAL TERM | |
| Topical term or geographic name as entry element | RELIGIOSO [DISCHI] |
| Relator term | Codice MATERIA SPICS: 9950 |
| 9 (RLIN) | 791 |
| 700 ## - ADDED ENTRY--PERSONAL NAME | |
| Personal name | Bonfitto Michele |
| Relator term | Autore testo e musica |
| Miscellaneous information | Codice autore testo/musica SPICS: 10767 |
| 9 (RLIN) | 1422 |
| 700 ## - ADDED ENTRY--PERSONAL NAME | |
| Personal name | Tolomei Antonio |
| Miscellaneous information | Codice autore testo/musica SPICS: 18036 |
| 9 (RLIN) | 1423 |
| Relator term | Autore testo/musica |
| Name of part/section of a work | E' festa d'amore - Due cuori - L'amore che è in voi - O sommo amore |
| 700 ## - ADDED ENTRY--PERSONAL NAME | |
| Personal name | Pesenti |
| Miscellaneous information | Codice autore testo/musica SPICS: 24637 |
| Relator term | Autore testo/music |
| Name of part/section of a work | Abramo amico mio - Signore tu mi scruti - Il Signore è il re |
| 9 (RLIN) | 1424 |
| 700 ## - ADDED ENTRY--PERSONAL NAME | |
| Personal name | Tornado F. |
| Miscellaneous information | Codice autore SPICS: 13168 |
| Relator term | Autore |
| Name of part/section of a work | E' festa d'amore - Due cuori - O sommo amore |
| 9 (RLIN) | 1425 |
| 700 ## - ADDED ENTRY--PERSONAL NAME | |
| Personal name | Franck Cesar |
| Miscellaneous information | Codice autore SPICS: 11500 |
| Relator term | Autore |
| Name of part/section of a work | Pane di vita |
| 9 (RLIN) | 1426 |
| 942 ## - ADDED ENTRY ELEMENTS (KOHA) | |
| Koha item type | DISCHI |
| Source of classification or shelving scheme | Dewey Decimal Classification |
| Withdrawn status | Lost status | Damaged status | Not for loan | Home library | Current library | Date acquired | Total Checkouts | Full call number | Date last seen | Price effective from | Koha item type | Public note |
|---|---|---|---|---|---|---|---|---|---|---|---|---|
| Buone Condizioni | Not For Loan | SPICS-MEDIATECA | SPICS-MEDIATECA | 25/10/2013 | 20354 | 25/10/2013 | 25/10/2013 | DISCHI | Progr. Ins.: 3665 / N.Vol.: 1 / Copie: 1 - Copia rara: n.d. / date import: 01.01.2014 - By Epidotti, Trombetti, Vaglietti |